| 000 | 00696nam a2200229 a 4500 | ||
|---|---|---|---|
| 999 |
_c756 _d756 |
||
| 001 | 756 | ||
| 003 | BD-JhCC | ||
| 005 | 20190418134016.0 | ||
| 008 | 171009s2007 b |||| |||| 000 0 ben d | ||
| 020 | _a9848683543 | ||
| 035 | _a(BD-JhCC)756 | ||
| 040 |
_aBD-JhCC _dBD-JhCC |
||
| 041 | _aben | ||
| 082 |
_a891.443 _bHUM 2007 |
||
| 100 | _aআহমেদ, হুমায়ূন. | ||
| 245 |
_aঅদ্ভুত সব উপন্যাস / _cহুমায়ূন আহমেদ . |
||
| 260 |
_aঢাকা: _bঅন্য প্রকাশ, _c২০০৭. |
||
| 300 |
_a৩৬৭ পৃ: _c২১ সেমি: |
||
| 650 | _aBengali Novel | ||
| 942 |
_2ddc _cBK _02 |
||